[Event "IBM-20 Meestergroep"]
[Site "Amsterdam"]
[Date "1980.06.??"]
[Round "?"]
[White "Baljon, Christofoor"]
[Black "Enklaar, Bert F"]
[Result "0-1"]
[WhiteElo "2340"]
[BlackElo "2395"]
[PlyCount "156"]
[EventDate "1980.06.??"]
[EventType "tourn"]
[EventRounds "11"]
[EventCountry "NED"]
[EventCategory "4"]
[SourceTitle "MCD"]
[Source "ChessBase"]
[SourceDate "1999.07.01"]
[SourceVersion "1"]
[SourceVersionDate "1999.07.01"]
[SourceQuality "1"]

1. e4 e6 2. d4 d5 3. e5 c5 4. c3 Nc6 5. Nf3 Nge7 6. a3 cxd4 7. cxd4 Nf5 8. Nc3 Be7 9. h4 h5 10. Be2 Bd7 11. b4 Rc8 12. Bb2 g6 13. g3 Kf8 14. Kf1 Kg7 15. Kg2 Qe8 16. Qd2 a6 17. Rhc1 Na7 18. Ne1 Bc6 19. Nd1 Bb5 20. Nd3 Nc6 21. Nf4 Bxe2 22. Nxe2 Na7 23. Ne3 Nh6 24. Nf4 Rxc1 25. Rxc1 Qd7 26. Nd3 b6 27. Nf4 Rc8 28. Rxc8 Qxc8 29. Qd3 Ng8 30. Bc3 b5 31. Qd2 Qc6 32. Nd3 Nc8 33. Kh2 Nb6 34. Nc5 Nc4 35. Qc1 a5 36. Nb3 a4 37. Nc5 f6 38. Nxc4 dxc4 39. Qh1 Qxh1+ 40. Kxh1 Kf7 41. Ne4 f5 42. Nd2 Bd8 43. Nf3 Bb6 44. Ng5+ Ke7 45. Nh3 Kd7 46. Nf4 Ne7 47. Kg2 Kc6 48. Nxe6 Nd5 49. Bb2 c3 50. Bc1 Ne7 51. Kf3 Kd5 52. Nf4+ Kc4 53. d5 Nxd5 54. Nxg6 Kb3 55. Nf4 Nxb4 56. axb4 a3 57. Bxa3 Kxa3 58. Nd3 Kb3 59. Ke2 Bd8 60. Kd1 Be7 61. f3 Bf8 62. e6 Be7 63. g4 fxg4 64. fxg4 hxg4 65. h5 g3 66. Ke2 Kc4 67. Ne1 Kd5 68. h6 Kxe6 69. h7 Bf6 70. Kf3 Kd5 71. Kxg3 Kc4 72. Kf3 Kxb4 73. Ke2 Kb3 74. Kd3 b4 75. Nc2 Bh8 76. Ne3 Ka2 77. Nd5 Ka3 78. Nc7 Kb2 0-1